[Event "ODJM B 2015"]
[Site "Willingen GER"]
[Date "2015.05.27"]
[Round "6"]
[White "Wu, Erik"]
[Black "Voltmer, Victor"]
[Result "1-0"]
[Termination "normal"]
[Board "23"]
[WhiteElo "1441"]
[BlackElo "1104"]
[PlyCount "57"]
[WhiteFideId "12977489"]
[EventCountry "GER"]
[EventRounds "9"]
[EventType "swiss"]
[EventDate "2015.05.23"]

1. e4 e5 2. Nf3 Nc6 3. Bc4 Bc5 4. c3 Nf6 5. d4 exd4 6. cxd4 Bb4+ 7. Nc3 Nxe4 8.
O-O Bxc3 9. bxc3 O-O 10. d5 Nb8 11. Qc2 Nf6 12. Bg5 d6 13. Bd3 g6 14. c4 Nbd7
15. Bh6 Re8 16. Rfe1 b6 17. Qc3 Rxe1+ 18. Rxe1 Bb7 19. g4 a5 20. g5 Nh5 21. Be2
f6 22. Nd4 Ng7 23. Ne6 Nxe6 24. dxe6 Nc5 25. gxf6 Nxe6 26. Bg4 Bc8 27. Bxe6+
Bxe6 28. Rxe6 Kf7 29. Re7+ 1-0

[Event "ODJM B 2015"]
[Site "Willingen GER"]
[Date "2015.05.27"]
[Round "6"]
[White "Schneider, Katharina"]
[Black "Kotyk, Michael"]
[Result "0-1"]
[Termination "normal"]
[Board "25"]
[WhiteElo "1084"]
[BlackElo "1296"]
[PlyCount "138"]
[WhiteFideId "16200519"]
[BlackFideId "16214501"]
[EventCountry "GER"]
[EventRounds "9"]
[EventType "swiss"]
[EventDate "2015.05.23"]

1. e4 e5 2. Nf3 Nc6 3. d4 exd4 4. Bc4 Nf6 5. e5 Ng4 6. Qe2 Qe7 7. Bf4 d6 8.
exd6 Qxe2+ 9. Bxe2 Bxd6 10. Bxd6 cxd6 11. h3 Nge5 12. Nbd2 d3 13. cxd3 Nb4 14.
Nxe5 dxe5 15. O-O O-O 16. Nc4 f6 17. a3 Nc2 18. Rac1 Nd4 19. Rfe1 Rd8 20. Rcd1
Be6 21. Bg4 f5 22. Bf3 Nxf3+ 23. gxf3 Bxc4 24. dxc4 Rxd1 25. Rxd1 g6 26. Rd7 b6
27. Re7 Rc8 28. b3 a5 29. Rxe5 a4 30. bxa4 Rxc4 31. a5 bxa5 32. Rxa5 Rc1+ 33.
Kg2 Ra1 34. Kg3 Kg7 35. Kf4 Ra2 36. Ke3 Kh6 37. Ra7 g5 38. Ra6+ Kh5 39. Ra7 h6
40. a4 f4+ 41. Ke4 Rxf2 42. a5 Ra2 43. a6 Ra3 44. Ra8 Kh4 45. a7 h5 46. Kf5 Ra6
47. Rg8 Rxa7 48. Kg6 Ra5 49. Kh6 Kxh3 50. Kxh5 Kg3 51. Rxg5+ Rxg5+ 52. Kxg5
Kxf3 53. Kh4 Ke2 54. Kg4 f3 55. Kf5 f2 56. Ke5 f1=Q 57. Kd5 Qf4 58. Kc5 Qe4 59.
Kd6 Qf5 60. Kc6 Qe5 61. Kd7 Qf6 62. Kc7 Qe6 63. Kb7 Qd6 64. Ka8 Qd7 65. Kb8 Kd3
66. Ka8 Kc4 67. Kb8 Kb5 68. Ka8 Kb6 69. Kb8 Qb7# 0-1

[Event "ODJM B 2015"]
[Site "Willingen GER"]
[Date "2015.05.27"]
[Round "6"]
[White "Prudlik, Finn Olmse"]
[Black "Blinov, Sergei"]
[Result "0-1"]
[Termination "normal"]
[Board "26"]
[WhiteElo "948"]
[BlackElo "1242"]
[PlyCount "122"]
[WhiteFideId "16209923"]
[EventCountry "GER"]
[EventRounds "9"]
[EventType "swiss"]
[EventDate "2015.05.23"]

1. e4 c6 2. d4 d5 3. Nc3 dxe4 4. Nxe4 Bf5 5. Ng3 Bg6 6. Nf3 e6 7. Bd3 Bxd3 8.
Qxd3 c5 9. c3 Nc6 10. O-O Nf6 11. b4 b6 12. Re1 Bd6 13. Rd1 O-O 14. dxc5 Bxg3
15. hxg3 bxc5 16. Qxd8 Rfxd8 17. Rxd8+ Rxd8 18. Be3 cxb4 19. cxb4 Nxb4 20. Bxa7
Ra8 21. Be3 Rxa2 22. Rb1 Nfd5 23. Rc1 h6 24. Ne5 Nxe3 25. fxe3 Nd5 26. e4 Nf6
27. Rc8+ Kh7 28. Nxf7 Ra5 29. e5 Ng4 30. Rc1 Nxe5 31. Nd6 Ng4 32. Nc4 Rc5 33.
Kf1 Ne3+ 34. Ke2 Rxc4 35. Rxc4 Nxc4 36. Kd3 Nd6 37. Kd4 Nb7 38. Ke5 Nd8 39. g4
Kg6 40. Kf4 Nc6 41. Kg3 e5 42. Kf3 Kg5 43. Ke4 Kxg4 44. Kd5 Kg3 45. Ke4 Kxg2
46. Ke3 g5 47. Ke4 g4 48. Kf5 g3 49. Kg4 Kh2 50. Kf3 g2 51. Ke4 Na7 52. Kxe5
g1=Q 53. Kd5 Nc6 54. Ke4 Qg5 55. Kd3 Qf4 56. Kc3 Qd4+ 57. Kb3 Na5+ 58. Kc2 Qe3
59. Kb2 Nc4+ 60. Ka2 Qb6 61. Ka1 Qb2# 0-1

[Event "ODJM B 2015"]
[Site "Willingen GER"]
[Date "2015.05.27"]
[Round "6"]
[White "Arnold, Alexandria"]
[Black "Reuter, Marek"]
[Result "0-1"]
[Termination "normal"]
[Board "27"]
[WhiteElo "1174"]
[BlackElo "955"]
[PlyCount "48"]
[WhiteFideId "16205383"]
[BlackFideId "16226712"]
[EventCountry "GER"]
[EventRounds "9"]
[EventType "swiss"]
[EventDate "2015.05.23"]

1. e4 c6 2. Nf3 d5 3. Nc3 dxe4 4. Nxe4 Bf5 5. d3 Bxe4 6. dxe4 Qxd1+ 7. Kxd1 Nd7
8. Bc4 e6 9. Be3 Ngf6 10. Bd3 Bd6 11. Bd4 e5 12. Bc3 O-O 13. Kd2 Rfe8 14. Rae1
Rad8 15. Nh4 Bc5 16. f3 Bf2 17. Ref1 Bxh4 18. g3 Bg5+ 19. f4 exf4 20. gxf4 Bh6
21. Bxf6 Nxf6 22. e5 Nh5 23. Ke3 Rxe5+ 24. Be4 Rde8 0-1

[Event "ODJM B 2015"]
[Site "Willingen GER"]
[Date "2015.05.27"]
[Round "6"]
[White "Winkin, Pol"]
[Black "Theile, Cedric"]
[Result "1/2-1/2"]
[Termination "normal"]
[Board "28"]
[WhiteElo "937"]
[BlackElo "1116"]
[PlyCount "124"]
[WhiteFideId "4004787"]
[BlackFideId "16283228"]
[EventCountry "GER"]
[EventRounds "9"]
[EventType "swiss"]
[EventDate "2015.05.23"]

1. d4 d5 2. Bf4 Bf5 3. e3 a6 4. Nf3 Nf6 5. Bd3 Bxd3 6. cxd3 Nbd7 7. Nbd2 e6 8.
Rc1 Rc8 9. h3 b6 10. e4 h6 11. e5 Nh7 12. O-O c5 13. dxc5 Bxc5 14. d4 Be7 15.
Qa4 Rxc1 16. Rxc1 a5 17. a3 O-O 18. b4 axb4 19. axb4 Nb8 20. b5 Bg5 21. Bxg5
Nxg5 22. h4 Nxf3+ 23. Nxf3 Nd7 24. Qa7 Qe7 25. Rc7 Rd8 26. Qxb6 Nxb6 27. Rxe7
Rb8 28. Rc7 Na4 29. Ra7 Nc3 30. Ra3 Nxb5 31. Rb3 f6 32. Kf1 Rb7 33. Nd2 Kf7 34.
g4 Ke7 35. Ke2 Kd7 36. Ke3 Kc8 37. f4 fxe5 38. dxe5 Nc7 39. Rxb7 Kxb7 40. Kd4
Kc6 41. f5 Nb5+ 42. Ke3 Kd7 43. Kf4 Nd4 44. f6 gxf6 45. exf6 Nc6 46. g5 hxg5+
47. hxg5 Ke8 48. g6 Kf8 49. Nf3 d4 50. Ke4 e5 51. g7+ Kg8 52. Ng5 Nb4 53. Kxe5
d3 54. Nf3 Nc6+ 55. Kd6 Nd4 56. Ke7 Nf5+ 57. Ke8 Nxg7+ 58. fxg7 Kxg7 59. Ke7
Kg6 60. Ke6 Kh5 61. Ke5 Kg4 62. Ke4 Kg3 1/2-1/2

[Event "ODJM B 2015"]
[Site "Willingen GER"]
[Date "2015.05.27"]
[Round "6"]
[White "Frank, Cillian"]
[Black "Burdot, Louis"]
[Result "1-0"]
[Termination "normal"]
[Board "29"]
[WhiteElo "954"]
[BlackElo "1113"]
[PlyCount "99"]
[WhiteFideId "16245202"]
[BlackFideId "4004760"]
[EventCountry "GER"]
[EventRounds "9"]
[EventType "swiss"]
[EventDate "2015.05.23"]

1. e4 d5 2. exd5 Qxd5 3. Nc3 Qa5 4. Bc4 Bf5 5. Qf3 e6 6. Qxb7 Qe5+ 7. Nge2 c6
8. Qxa8 Bc5 9. f4 Qd6 10. d4 Bb6 11. Qb7 Ne7 12. a4 e5 13. fxe5 Qc7 14. Qxc7
Bxc7 15. Bd3 O-O 16. Bxf5 Nxf5 17. g4 Nh4 18. Nf4 Nf3+ 19. Kf2 Nxd4 20. b3 Nxc2
21. Ba3 Nxa3 22. Rxa3 Bxe5 23. Nfe2 c5 24. Ra2 Nc6 25. Nb5 Bd4+ 26. Nbxd4 cxd4
27. Rc2 Ne5 28. h3 d3 29. Rc5 f6 30. Nc3 Rb8 31. Rb5 Rc8 32. Ne4 Rc2+ 33. Ke3
a6 34. Rb8+ Kf7 35. Re1 g6 36. Nd6+ Ke7 37. Nc4 Rh2 38. Rb7+ Kf8 39. Rxh7 Nxg4+
40. Kxd3 Nf2+ 41. Kc3 g5 42. Re2 g4 43. Nd6 Kg8 44. Ra7 Nd1+ 45. Kd3 Nf2+ 46.
Kc4 Ne4 47. Rxe4 Rc2+ 48. Kd3 Rc3+ 49. Kxc3 Kf8 50. Re8# 1-0

[Event "ODJM B 2015"]
[Site "Willingen GER"]
[Date "2015.05.27"]
[Round "6"]
[White "Jacoby, Angelina"]
[Black "Seliokaite, Ana"]
[Result "0-1"]
[Termination "normal"]
[Board "30"]
[WhiteElo "886"]
[BlackElo "1085"]
[PlyCount "66"]
[WhiteFideId "12999008"]
[BlackFideId "16224817"]
[EventCountry "GER"]
[EventRounds "9"]
[EventType "swiss"]
[EventDate "2015.05.23"]

1. d4 d5 2. Nf3 e6 3. e3 f5 4. Bd3 Nf6 5. b3 Nbd7 6. Bb2 Be7 7. Nbd2 O-O 8. O-O
Ne4 9. Ne5 Nxe5 10. dxe5 b6 11. f3 Nxd2 12. Qxd2 Bb7 13. f4 c5 14. Qe2 Qd7 15.
Qh5 d4 16. Rae1 Qc6 17. Re2 dxe3 18. Rf3 Rf7 19. Rh3 g6 20. Qh6 Bf8 21. Qh4 b5
22. c4 a6 23. Rhxe3 bxc4 24. Bxc4 a5 25. a4 Ba6 26. Bxa6 Rxa6 27. g4 c4 28. Rc2
Bc5 29. Bc1 cxb3 30. Rb2 Bxe3+ 31. Bxe3 Qxa4 32. Rd2 b2 33. Rxb2 Qa1+ 0-1

[Event "ODJM B 2015"]
[Site "Willingen GER"]
[Date "2015.05.27"]
[Round "6"]
[White "Schott, Jan"]
[Black "Brunner, Alexander"]
[Result "0-1"]
[Termination "normal"]
[Board "33"]
[WhiteElo "907"]
[BlackElo "840"]
[PlyCount "70"]
[BlackFideId "12965278"]
[EventCountry "GER"]
[EventRounds "9"]
[EventType "swiss"]
[EventDate "2015.05.23"]

1. e4 e5 2. Nf3 Nc6 3. Bc4 Nf6 4. d3 Bc5 5. Nc3 O-O 6. O-O d6 7. Bg5 Bg4 8. h3
Bh5 9. Nd5 h6 10. Nxf6+ gxf6 11. Bxh6 Re8 12. Re1 Kh8 13. g4 Rg8 14. Nh4 Qe7
15. Nf5 Qd7 16. Bg7+ Rxg7 17. Nxg7 Kxg7 18. Rf1 Kh8 19. Kh1 Rg8 20. Qd2 Kh7 21.
Rg1 a6 22. Qe2 Nd4 23. Qd1 b5 24. Bb3 a5 25. c3 Nxb3 26. axb3 Bxf2 27. Rg2 Bc5
28. d4 Bb6 29. Rc1 c5 30. Qf3 Bg6 31. Rd1 Qb7 32. Re1 exd4 33. c4 Re8 34. Rge2
a4 35. bxa4 Ba5 0-1

[Event "ODJM B 2015"]
[Site "Willingen GER"]
[Date "2015.05.27"]
[Round "6"]
[White "Bakalarz, Adrian"]
[Black "Nagel, Philipp"]
[Result "1-0"]
[Termination "normal"]
[Board "35"]
[WhiteElo "797"]
[BlackElo "761"]
[PlyCount "39"]
[WhiteFideId "12955809"]
[BlackFideId "12994715"]
[EventCountry "GER"]
[EventRounds "9"]
[EventType "swiss"]
[EventDate "2015.05.23"]

1. e4 d5 2. exd5 Qxd5 3. Nc3 Qa5 4. d4 Nf6 5. Bd2 Qb6 6. Nf3 Nc6 7. d5 Nd4 8.
Be3 Bg4 9. Bxd4 Qxd4 10. Qxd4 Bxf3 11. gxf3 O-O-O 12. O-O-O e6 13. Bh3 Kb8 14.
Qc4 Nxd5 15. Nxd5 exd5 16. Rxd5 Rxd5 17. Qxd5 Bb4 18. Rd1 Bd6 19. Re1 c6 20.
Qxd6+ 1-0

[Event "ODJM B 2015"]
[Site "Willingen GER"]
[Date "2015.05.27"]
[Round "6"]
[White "Semukhin, Sophia"]
[Black "Rößl, Mira"]
[Result "1/2-1/2"]
[Termination "normal"]
[Board "36"]
[WhiteElo "798"]
[BlackElo "721"]
[PlyCount "112"]
[EventCountry "GER"]
[EventRounds "9"]
[EventType "swiss"]
[EventDate "2015.05.23"]

1. e4 e5 2. Nf3 Nc6 3. Bc4 Nf6 4. d4 d6 5. dxe5 Nxe4 6. Bd5 Nc5 7. Ng5 Nxe5 8.
Qe2 Be6 9. Bb3 Be7 10. Nc3 Bxg5 11. Bxg5 Qxg5 12. O-O O-O 13. Ne4 Qg6 14. Nxc5
dxc5 15. Qxe5 Bh3 16. Qg3 Bf5 17. Qxg6 Bxg6 18. c4 Rad8 19. Rad1 Bh5 20. Rxd8
Rxd8 21. Re1 h6 22. Re5 Bd1 23. h3 Bxb3 24. axb3 Rd1+ 25. Kh2 Rd2 26. Rxc5 c6
27. Ra5 a6 28. Ra2 Rxf2 29. Kg1 Rf6 30. b4 Rf4 31. b3 Rf5 32. c5 g5 33. Rf2
Rxf2 34. Kxf2 f5 35. Kf3 h5 36. g3 Kg7 37. g4 Kg6 38. gxh5+ Kxh5 39. Kg3 f4+
40. Kf3 Kh4 41. Kg2 g4 42. hxg4 Kxg4 43. Kf2 f3 44. Kg1 Kg3 45. Kf1 f2 46. Ke2
Kg2 47. Ke3 f1=Q 48. Ke4 Qf3+ 49. Ke5 Qg4 50. Kd6 Qf5 51. Kc7 b5 52. Kb6 Qc8
53. Ka5 Qc7+ 54. Kxa6 Qc8+ 55. Kb6 Qd7 56. Ka6 Qc7 1/2-1/2